| 000 | 00563nab a2200205 a 4500 | ||
|---|---|---|---|
| 005 | 20210219155114.0 | ||
| 008 | 991125s1985 mx 000 0 spa u | ||
| 035 | _aUPN01000138640 | ||
| 100 | 1 | _aRoberts, Nicole | |
| 222 | _aPOLITICA Y CULTURA | ||
| 245 | _aAñoranzas negras : la poesía negra uruguaya del siglo XX | ||
| 260 | _aMéxico | ||
| 300 | _a183-195 | ||
| 362 | 0 | _a2004 No. 22, sept.-dic. | |
| 653 | 0 | _aPOESIA URUGUAYA | |
| 653 | 0 | _aESCRITORES AFROHISPANICOS | |
| 653 | 0 | _aMOVIMIENTO AFROURUGUAYO | |
| 653 | 0 | _aRACISMO | |
| 905 | _aArticulo | ||
| 999 |
_c110788 _d110788 |
||